[Event "IND-chT 43rd"]
[Site "Dharamshala"]
[Date "2024.04.03"]
[Round "8.3"]
[White "Om, Nagnath Lamkane"]
[Black "Swapnil, S Dhopade"]
[Result "0-1"]
[WhiteElo "1923"]
[BlackElo "2454"]
[PlyCount "128"]
[EventDate "2024.03.29"]
[EventType "team-swiss"]
[EventRounds "9"]
[EventCountry "IND"]
[SourceTitle "CB15_2024"]
[SourceDate "2024.04.10"]
[SourceVersion "1"]
[SourceVersionDate "2024.04.10"]
[SourceQuality "1"]
[WhiteTeam "Maharashtra"]
[BlackTeam "Railway Sport PB II"]
[WhiteTeamCountry "IND"]
[BlackTeamCountry "IND"]

1. e4 c6 2. d4 d5 3. e5 Bf5 4. h4 h5 5. Bd3 Bxd3 6. Qxd3 e6 7. Bg5 Be7 8. Nf3 Nh6 9. Nbd2 Nf5 10. c4 Na6 11. a3 dxc4 12. Nxc4 Nc7 13. Ne3 g6 14. g3 Nd5 15. Bxe7 Ndxe7 16. 0-0 Kf8 17. Rfd1 Kg7 18. Ne1 Qb6 19. b4 Rad8 20. N1c2 Rd7 21. Rd2 Rhd8 22. Nxf5+ Nxf5 23. Rad1 a5 24. Qc3 axb4 25. axb4 Ne7 26. Ne3 Nd5 27. Nxd5 Rxd5 28. Qc4 Rb5 29. Rb1 Rxe5 30. dxe5 Rxd2 31. Qc5 Qd8 32. Re1 Rd5 33. Qe3 Rd4 34. Rb1 Qd5 35. Qg5 Qf3 36. Qe7 b5 37. Re1 Qc3 38. Rb1 Rd5 39. Qf6+ Kg8 40. Qe7 Rxe5 41. Rd1 Qf3 42. Qe8+ Kg7 43. Qd7 Re4 44. Qd2 Rxb4 45. Rc1 Rc4 46. Rxc4 bxc4 47. Qd4+ Kg8 48. Qxc4 Qd1+ 49. Kh2 Qd5 50. Qf4 c5 51. Qb8+ Kg7 52. Qc7 Qd4 53. Kg2 c4 54. Qc8 c3 55. Qc7 Qe4+ 56. Kh2 c2 57. Qc3+ e5 58. Qc7 Qe2 59. Kg2 e4 60. Qc3+ Kg8 61. Qc8+ Kh7 62. Qc5 e3 63. Qc7 Qxf2+ 64. Kh3 Qf1+ 0-1

[Event "IND-chT 43rd"]
[Site "Dharamshala"]
[Date "2024.04.01"]
[Round "5.3"]
[White "Swapnil, S Dhopade"]
[Black "Prakhar, Tripathi"]
[Result "1-0"]
[WhiteElo "2454"]
[BlackElo "1599"]
[PlyCount "55"]
[EventDate "2024.03.29"]
[EventType "team-swiss"]
[EventRounds "9"]
[EventCountry "IND"]
[SourceTitle "CB15_2024"]
[SourceDate "2024.04.10"]
[SourceVersion "1"]
[SourceVersionDate "2024.04.10"]
[SourceQuality "1"]
[WhiteTeam "Railway Sport PB II"]
[BlackTeam "Uttar Pradesh"]
[WhiteTeamCountry "IND"]
[BlackTeamCountry "IND"]

1. d4 Nf6 2. c4 e6 3. Nf3 b6 4. a3 Bb7 5. Nc3 Be7 6. d5 0-0 7. e4 d6 8. Be2 a5 9. Nd4 e5 10. Nf5 Ne8 11. h4 Bc8 12. Qd3 Bxf5 13. exf5 Na6 14. Qh3 Nc5 15. Be3 Nf6 16. g4 Nfd7 17. g5 f6 18. 0-0-0 Kh8 19. Rdg1 Rg8 20. Rg3 Nf8 21. g6 Ncd7 22. gxh7 Nxh7 23. Rg6 Bf8 24. Ne4 Rc8 25. Ng5 Qe7 26. Qg4 fxg5 27. hxg5 c6 28. Rxh7+ 1-0

[Event "IND-chT 43rd"]
[Site "Dharamshala"]
[Date "2024.03.30"]
[Round "2.3"]
[White "Rajith, V."]
[Black "Swapnil, S Dhopade"]
[Result "0-1"]
[WhiteElo "1695"]
[BlackElo "2454"]
[PlyCount "68"]
[EventDate "2024.03.29"]
[EventType "team-swiss"]
[EventRounds "9"]
[EventCountry "IND"]
[SourceTitle "CB15_2024"]
[SourceDate "2024.04.10"]
[SourceVersion "1"]
[SourceVersionDate "2024.04.10"]
[SourceQuality "1"]
[WhiteTeam "LIC of India"]
[BlackTeam "Railway Sport PB II"]
[WhiteTeamCountry "IND"]
[BlackTeamCountry "IND"]

1. e4 c6 2. d4 d5 3. exd5 cxd5 4. c4 Nf6 5. Nc3 e6 6. Nf3 Be7 7. Be2 0-0 8. 0-0 dxc4 9. Bxc4 Nc6 10. Bf4 b6 11. Rc1 Bb7 12. a3 Rc8 13. Ba2 Bd6 14. Bg5 Be7 15. Qd3 Nd5 16. Bb1 g6 17. Bh6 Re8 18. Ne4 Bf8 19. Bg5 f6 20. Bd2 Rc7 21. h4 Rd7 22. Rfd1 Bg7 23. h5 Nce7 24. Ng3 Nf5 25. hxg6 hxg6 26. Nxf5 gxf5 27. g4 Ne7 28. Bc3 Ng6 29. Qe3 Bf8 30. Re1 Rg7 31. Bxf5 exf5 32. Qxe8 Qxe8 33. Rxe8 Bxf3 34. d5 Rh7 0-1

[Event "Udaipur Pandiyar op 8th"]
[Site "Udaipur"]
[Date "2023.10.17"]
[Round "6"]
[White "Sparsh, Yadav"]
[Black "Swapnil, S Dhopade"]
[Result "1/2-1/2"]
[WhiteElo "1594"]
[BlackElo "2469"]
[PlyCount "116"]
[EventDate "2023.10.15"]
[EventType "swiss"]
[EventRounds "9"]
[EventCountry "IND"]
[SourceTitle "Mega2024 Update 01"]
[Source "Chessbase"]
[SourceDate "2023.11.12"]
[SourceVersion "1"]
[SourceVersionDate "2023.11.12"]
[SourceQuality "1"]

1. e4 c6 2. d4 d5 3. Nd2 dxe4 4. Nxe4 Bf5 5. Ng3 Bg6 6. h4 h6 7. Nf3 Nd7 8. h5 Bh7 9. Bd3 Bxd3 10. Qxd3 e6 11. Bd2 Ngf6 12. 0-0-0 Be7 13. Ne4 Nxe4 14. Qxe4 Nf6 15. Qe2 Qd5 16. Kb1 Qe4 17. Rde1 Qxe2 18. Rxe2 0-0 19. g4 Nh7 20. Ne5 Rfd8 21. Be3 Rac8 22. f4 c5 23. c3 cxd4 24. cxd4 Bd6 25. g5 hxg5 26. fxg5 Bxe5 27. dxe5 Rc4 28. Rg2 b6 29. g6 fxg6 30. Rxg6 Nf8 31. Rg5 Re4 32. Bc1 Rd7 33. Rhg1 Rh4 34. b3 Rf7 35. Bb2 Kh7 36. Ba3 Nd7 37. Bd6 Nc5 38. Bxc5 bxc5 39. Rc1 Rf5 40. Rxf5 exf5 41. e6 Re4 42. Rxc5 f4 43. Rf5 Kh6 44. a4 Rxe6 45. Rxf4 Kxh5 46. Rf7 g5 47. Rxa7 g4 48. Rh7+ Kg5 49. Rh1 Re2 50. a5 g3 51. a6 Re6 52. a7 Ra6 53. Rh7 Kg4 54. Rg7+ Kf3 55. Rf7+ Ke3 56. Rg7 Kf2 57. Rf7+ Ke2 58. Re7+ Kf2 1/2-1/2

[Event "Udaipur Pandiyar op 8th"]
[Site "Udaipur"]
[Date "2023.10.15"]
[Round "2"]
[White "Raj, Prakhar"]
[Black "Swapnil, S Dhopade"]
[Result "0-1"]
[WhiteElo "1375"]
[BlackElo "2469"]
[PlyCount "94"]
[EventDate "2023.10.15"]
[EventType "swiss"]
[EventRounds "9"]
[EventCountry "IND"]
[SourceTitle "Mega2024 Update 01"]
[Source "Chessbase"]
[SourceDate "2023.11.12"]
[SourceVersion "1"]
[SourceVersionDate "2023.11.12"]
[SourceQuality "1"]

1. e4 c6 2. d4 d5 3. Nc3 dxe4 4. Nxe4 Bf5 5. Ng3 Bg6 6. Bc4 e6 7. N1e2 Nf6 8. h4 h6 9. Nf4 Bh7 10. c3 Bd6 11. Qe2 0-0 12. Bd3 e5 13. Bxh7+ Nxh7 14. dxe5 Bxe5 15. Kf1 Re8 16. Qf3 Nd7 17. Be3 Qf6 18. Ngh5 Qe7 19. g4 g6 20. Ng3 Bg7 21. Kg2 Ne5 22. Qe2 Nf6 23. g5 hxg5 24. hxg5 Nfg4 25. Bd2 Rad8 26. Rad1 Rd7 27. f3 Nc4 28. Qxe7 Rexe7 29. fxg4 Nxd2 30. Rhe1 Rxe1 31. Rxe1 Kf8 32. Re2 b5 33. Ne4 Nxe4 34. Rxe4 Rd2+ 35. Re2 Rd1 36. Kf3 a5 37. Ke3 Be5 38. Nd3 Bd6 39. Ne1 a4 40. Nc2 Rd5 41. Kf3 Rxg5 42. Nd4 Rc5 43. Ke4 Be5 44. Nxc6 Bxc3 45. Nd4 Bxd4 46. Kxd4 Rc4+ 47. Kd5 Rxg4 0-1

[Event "Abu Dhabi op 29th"]
[Site "Abu Dhabi"]
[Date "2023.08.17"]
[Round "2"]
[White "Swapnil, S Dhopade"]
[Black "Salem, AR Saleh"]
[Result "1/2-1/2"]
[WhiteElo "2479"]
[BlackElo "2661"]
[PlyCount "61"]
[EventDate "2023.08.16"]
[EventType "swiss"]
[EventRounds "9"]
[EventCountry "UAE"]
[SourceTitle "EXT 2024"]
[Source "ChessBase"]
[SourceDate "2023.10.10"]
[SourceVersion "1"]
[SourceVersionDate "2023.10.10"]
[SourceQuality "1"]

1. d4 Nf6 2. c4 e6 3. Nf3 d5 4. Nc3 Bb4 5. Bg5 h6 6. Bxf6 Qxf6 7. e3 0-0 8. Rc1 dxc4 9. Bxc4 c5 10. 0-0 cxd4 11. Ne4 Qe7 12. a3 Ba5 13. Qxd4 Rd8 14. Qc5 Qxc5 15. Nxc5 Nd7 16. Nb3 Bb6 17. a4 Nf6 18. a5 Bc7 19. Bb5 Bd6 20. Rfd1 Kf8 21. Ne5 Ke7 22. Nc4 Bc7 23. Rxd8 Bxd8 24. Nc5 Nd5 25. e4 Nb4 26. Rd1 b6 27. axb6 axb6 28. Nd7 Bxd7 29. Rxd7+ Kf8 30. Kf1 g5 31. Ke2 1/2-1/2

[Event "IND-ch 59th"]
[Site "New Delhi"]
[Date "2022.12.23"]
[Round "2"]
[White "Dhananjay, S."]
[Black "Swapnil, S Dhopade"]
[Result "1/2-1/2"]
[WhiteElo "2199"]
[BlackElo "2499"]
[PlyCount "62"]
[EventDate "2022.12.22"]
[EventType "swiss"]
[EventRounds "13"]
[EventCountry "IND"]
[SourceTitle "CBM 211 Extra"]
[Source "ChessBase"]
[SourceDate "2023.01.31"]
[SourceVersion "1"]
[SourceVersionDate "2023.01.31"]
[SourceQuality "1"]

1. d4 Nf6 2. c4 e6 3. Nf3 d5 4. Nc3 c6 5. e3 Nbd7 6. Qc2 Bd6 7. Be2 0-0 8. 0-0 b6 9. b3 Bb7 10. Bb2 Rc8 11. e4 dxe4 12. Nxe4 Nxe4 13. Qxe4 Nf6 14. Qc2 c5 15. Rad1 Be4 16. Qd2 Qe7 17. dxc5 Bxc5 18. Qf4 Bb7 19. Ne5 Rfd8 20. Bf3 Rxd1 21. Rxd1 Rd8 22. Rxd8+ Qxd8 23. g3 Bxf3 24. Qxf3 h6 25. Bc3 Qc7 26. Qa8+ Kh7 27. Kg2 a5 28. h3 Bd6 29. Nf3 Bc5 30. Ne5 Bd6 31. Nf3 Bc5 1/2-1/2

[Event "IND-ch 58th"]
[Site "Kanpur"]
[Date "2022.02.28"]
[Round "6"]
[White "Anuj, Shrivatri"]
[Black "Swapnil, S Dhopade"]
[Result "1/2-1/2"]
[WhiteElo "2350"]
[BlackElo "2495"]
[PlyCount "69"]
[EventDate "2022.02.25"]
[EventType "swiss"]
[EventRounds "11"]
[EventCountry "IND"]
[SourceTitle "CBM 207 Extra"]
[Source "ChessBase"]
[SourceDate "2022.05.31"]
[SourceVersion "1"]
[SourceVersionDate "2022.05.31"]
[SourceQuality "1"]

1. d4 Nf6 2. c4 c5 3. d5 b5 4. cxb5 a6 5. e3 g6 6. Nc3 Bg7 7. e4 0-0 8. a4 Bb7 9. Bg5 h6 10. Bf4 e6 11. Bc4 axb5 12. axb5 Rxa1 13. Qxa1 Nxe4 14. Nxe4 exd5 15. Nd6 dxc4 16. Nxb7 Qb6 17. Nd6 g5 18. Bg3 f5 19. Qd1 f4 20. Qd5+ Kh7 21. Nh3 Rf6 22. Nxc4 Qe6+ 23. Qxe6 Rxe6+ 24. Kd2 d5 25. Nxf4 gxf4 26. Bxf4 dxc4 27. Bxb8 Rb6 28. Ba7 Rxb5 29. Rc1 Rxb2+ 30. Ke1 Bd4 31. Rxc4 Rb1+ 32. Ke2 Rb2+ 33. Ke1 Rb1+ 34. Kd2 Rb2+ 35. Ke1 1/2-1/2

[Event "IND-ch 58th"]
[Site "Kanpur"]
[Date "2022.02.27"]
[Round "5"]
[White "Swapnil, S Dhopade"]
[Black "Mohamed, Anees M"]
[Result "1/2-1/2"]
[WhiteElo "2495"]
[BlackElo "2238"]
[PlyCount "116"]
[EventDate "2022.02.25"]
[EventType "swiss"]
[EventRounds "11"]
[EventCountry "IND"]
[SourceTitle "CBM 207 Extra"]
[Source "ChessBase"]
[SourceDate "2022.05.31"]
[SourceVersion "1"]
[SourceVersionDate "2022.05.31"]
[SourceQuality "1"]

1. d4 d5 2. c4 c6 3. Nc3 Nf6 4. e3 e6 5. Nf3 Nbd7 6. Qc2 Bd6 7. b3 0-0 8. Bb2 b6 9. Bd3 Bb7 10. 0-0 c5 11. cxd5 exd5 12. Nb5 Be7 13. Rfd1 a6 14. Nc3 Bd6 15. Rac1 Re8 16. Ne2 Rc8 17. Qb1 Qe7 18. Ng3 g6 19. Ba1 Qe6 20. dxc5 bxc5 21. Qb2 Bf8 22. Rc2 Bg7 23. Qa3 h5 24. Bf1 Qb6 25. Qa4 Qc6 26. Qxc6 Rxc6 27. Ne2 Rcc8 28. Bb2 Ne4 29. Bxg7 Kxg7 30. Nc3 Nxc3 31. Rxc3 Kf6 32. g3 Ne5 33. Nxe5 Kxe5 34. Bg2 Red8 35. f4+ Ke6 36. Kf2 a5 37. Bf3 Rc7 38. h3 Rcc8 39. g4 hxg4 40. hxg4 Rh8 41. Kg3 f6 42. Rc2 Rc7 43. Rcd2 Rd7 44. g5 f5 45. Rc1 Rc7 46. a3 Rhh7 47. Rdc2 Kd6 48. Rc3 Ba8 49. Rd3 Ke6 50. Rcd1 Rcd7 51. R3d2 Bb7 52. Bg2 Ba8 53. Rc1 Rc7 54. Rdd1 Bb7 55. Rd2 Ba8 56. Rcd1 Rcd7 57. Bf3 Bb7 58. Bg2 Ba8 1/2-1/2

[Event "Titled Tuesday intern op 21st Sept"]
[Site "Chess.com INT"]
[Date "2021.09.21"]
[Round "4"]
[White "Przybylski, Wojciech"]
[Black "Swapnil, S Dhopade"]
[Result "0-1"]
[WhiteElo "2321"]
[BlackElo "2495"]
[PlyCount "118"]
[EventDate "2021.09.21"]
[EventType "swiss (blitz)"]
[EventRounds "9"]
[EventCountry "USA"]
[SourceTitle "EXT 2022"]
[Source "ChessBase"]
[SourceDate "2021.10.06"]
[SourceVersion "1"]
[SourceVersionDate "2021.10.06"]
[SourceQuality "1"]

1. e4 c5 2. Nf3 d6 3. Bb5+ Bd7 4. a4 Nf6 5. Nc3 Nc6 6. h3 g6 7. 0-0 Bg7 8. Re1 0-0 9. Bc4 e5 10. d3 Be6 11. Nd2 d5 12. exd5 Nxd5 13. Nxd5 Bxd5 14. Bxd5 Qxd5 15. Qf3 Rad8 16. Qxd5 Rxd5 17. Nb3 Nd4 18. Nxd4 cxd4 19. Bd2 Rc8 20. c4 dxc3 21. Bxc3 Rxd3 22. Bxe5 Bxe5 23. Rxe5 Rc2 24. Rb5 Rdd2 25. Rxb7 Rxf2 26. Rxa7 Rxg2+ 27. Kh1 Rh2+ 28. Kg1 Rcg2+ 29. Kf1 Rxb2 30. Kg1 Rxh3 31. Rf1 Rg3+ 32. Kh1 Rh3+ 33. Kg1 Rg3+ 34. Kh1 Ra3 35. Kg1 Raa2 36. Rfxf7 Ra1+ 37. Rf1 Rxf1+ 38. Kxf1 Ra2 39. a5 h5 40. a6 g5 41. Ra8+ Kg7 42. Kg1 h4 43. Kh1 g4 44. Ra7+ Kg6 45. Ra8 Kg5 46. a7 Ra1+ 47. Kg2 h3+ 48. Kf2 h2 49. Rg8+ Kf4 50. Rf8+ Kg5 51. Rg8+ Kf4 52. Rf8+ Ke5 53. Re8+ Kf6 54. Rh8 Rxa7 55. Rxh2 Kg5 56. Rh8 Ra2+ 57. Kg3 Ra3+ 58. Kg2 Ra2+ 59. Kg3 Ra3+ 0-1

[Event "Titled Tuesday intern op 07th Sept"]
[Site "Chess.com INT"]
[Date "2021.09.07"]
[Round "9"]
[White "Ambartsumova, Karina"]
[Black "Swapnil, S Dhopade"]
[Result "0-1"]
[WhiteElo "2382"]
[BlackElo "2495"]
[PlyCount "142"]
[EventDate "2021.09.07"]
[EventType "swiss (blitz)"]
[EventRounds "11"]
[EventCountry "USA"]
[SourceTitle "EXT 2022"]
[Source "ChessBase"]
[SourceDate "2021.10.06"]
[SourceVersion "1"]
[SourceVersionDate "2021.10.06"]
[SourceQuality "1"]

1. d4 Nf6 2. Nf3 d5 3. c4 e6 4. Nc3 c5 5. e3 cxd4 6. exd4 Be7 7. Bg5 0-0 8. Bd3 dxc4 9. Bxc4 Nc6 10. 0-0 b6 11. a3 Bb7 12. Qd3 Nd5 13. Bd2 Rc8 14. Bb3 Nxc3 15. bxc3 Bf6 16. Bc2 g6 17. Rfe1 Na5 18. h4 Nc4 19. Bh6 Re8 20. h5 Qd5 21. hxg6 hxg6 22. Bf4 Qf5 23. Qxf5 gxf5 24. Nd2 Nxd2 25. Bxd2 Bxd4 26. Ba4 Bf6 27. Bxe8 Rxe8 28. Rac1 Rd8 29. Be3 Rd3 30. Bd4 Bxd4 31. cxd4 Bd5 32. Re3 Rxd4 33. Rc8+ Kg7 34. Rc7 Kf6 35. Rxa7 Rd1+ 36. Kh2 Rd2 37. Kg1 Rd1+ 38. Kh2 f4 39. Rh3 Rd2 40. Rh7 e5 41. Ra6 Rb2 42. Rh6+ Kg5 43. Raxb6 Rxf2 44. Rh8 Rxg2+ 45. Kh3 Rd2 46. Rg8+ Kf5 47. Rg1 Be6 48. Rg2 Rd3+ 49. Kh2 Rxa3 50. Rb5 Re3 51. Rbb2 f3 52. Rgf2 e4 53. Kg3 Re1 54. Rb5+ Kf6 55. Rb4 Ke7 56. Rd4 f5 57. Kf4 Kf6 58. Rd6 Rg1 59. Ke3 Rg4 60. Rb6 Ke5 61. Rb5+ Bd5 62. Rb6 f4+ 63. Kd2 e3+ 64. Ke1 exf2+ 65. Kxf2 Rg2+ 66. Kf1 Bc4+ 67. Ke1 f2+ 68. Kd2 f1Q+ 69. Kc3 Qd3+ 70. Kb4 Rb2+ 71. Kc5 Qd5# 0-1

[Event "Titled Tuesday intern op 07th Sept"]
[Site "Chess.com INT"]
[Date "2021.09.07"]
[Round "5"]
[White "Swapnil, S Dhopade"]
[Black "Seifert, Henryk"]
[Result "1-0"]
[WhiteElo "2495"]
[BlackElo "2159"]
[PlyCount "55"]
[EventDate "2021.09.07"]
[EventType "swiss (blitz)"]
[EventRounds "11"]
[EventCountry "USA"]
[SourceTitle "EXT 2022"]
[Source "ChessBase"]
[SourceDate "2021.10.06"]
[SourceVersion "1"]
[SourceVersionDate "2021.10.06"]
[SourceQuality "1"]

1. d4 d5 2. c4 c6 3. Nc3 Nf6 4. e3 a6 5. Nf3 Bg4 6. Qb3 Ra7 7. Ne5 Be6 8. cxd5 Nxd5 9. Qc2 Nd7 10. Nd3 Nxc3 11. bxc3 Bc4 12. Be2 e6 13. 0-0 Be7 14. e4 0-0 15. Be3 Ra8 16. Rfd1 Qc7 17. Bf3 Bxd3 18. Qxd3 e5 19. a4 c5 20. Rab1 b6 21. Qc4 Rfc8 22. d5 Bd6 23. Bg4 Nf6 24. Bxc8 Rxc8 25. Bg5 Rb8 26. Bxf6 gxf6 27. Qxa6 c4 28. Qb5 1-0

[Event "Sukooon Resort Indian"]
[Site "Chess.com INT"]
[Date "2020.05.16"]
[Round "7.2"]
[White "Swapnil, S Dhopade"]
[Black "Aryan, Chopra"]
[Result "0-1"]
[WhiteElo "2495"]
[BlackElo "2585"]
[PlyCount "74"]
[EventDate "2020.05.15"]
[EventType "team-tourn (rapid)"]
[EventRounds "9"]
[EventCountry "IND"]
[SourceTitle "CBM 196 Extra"]
[Source "ChessBase"]
[SourceDate "2020.07.31"]
[SourceVersion "1"]
[SourceVersionDate "2020.07.31"]
[SourceQuality "1"]
[WhiteTeam "Chess Pathshala"]
[BlackTeam "Chess Gyaan"]
[WhiteTeamCountry "IND"]
[BlackTeamCountry "IND"]

1. Nf3 Nf6 2. g3 g6 3. b3 d5 4. Bb2 c5 5. Bg2 Bg7 6. 0-0 0-0 7. c4 d4 8. e3 Nc6 9. exd4 cxd4 10. Re1 Nd7 11. d3 Nc5 12. a3 a5 13. Qc2 Bf5 14. Bf1 e5 15. Nbd2 Re8 16. Nh4 Be6 17. Bg2 f5 18. Rab1 Qd7 19. Ba1 Bf6 20. b4 axb4 21. axb4 Rxa1 22. bxc5 Ra7 23. Rb6 e4 24. dxe4 d3 25. Qb3 Bxh4 26. gxh4 Bf7 27. Qc3 Ra2 28. Rb2 Rxb2 29. Qxb2 Ne5 30. f4 Nxc4 31. Nxc4 Bxc4 32. e5 d2 33. Rd1 Rd8 34. Be4 fxe4 35. Qc3 Qg4+ 36. Kf2 Qe2+ 37. Kg3 Rd3+ 0-1

[Event "Titled Tuesday intern op 28th Apr"]
[Site "Chess.com INT"]
[Date "2020.04.28"]
[Round "5"]
[White "Al Tarbosh, Ward"]
[Black "Swapnil, S Dhopade"]
[Result "0-1"]
[WhiteElo "2234"]
[BlackElo "2495"]
[PlyCount "78"]
[EventDate "2020.04.28"]
[EventType "swiss (blitz)"]
[EventRounds "10"]
[EventCountry "USA"]
[SourceTitle "EXT 2021"]
[Source "ChessBase"]
[SourceDate "2020.10.23"]
[SourceVersion "1"]
[SourceVersionDate "2020.10.23"]
[SourceQuality "1"]

1. d4 Nf6 2. Nf3 d5 3. Nc3 Bf5 4. Bg5 e6 5. e3 Be7 6. Bd3 Bxd3 7. cxd3 0-0 8. 0-0 h6 9. Bh4 Nbd7 10. e4 c6 11. e5 Ne8 12. Bxe7 Qxe7 13. Qd2 Nc7 14. Rac1 a5 15. b3 Qb4 16. Qf4 Qe7 17. Ne2 a4 18. Ng3 Nb5 19. Nh5 f5 20. Qg3 g5 21. h4 g4 22. Nf4 Kh7 23. h5 Qf7 24. Nh4 Nxd4 25. Nhg6 Rfe8 26. Qe3 c5 27. f3 gxf3 28. gxf3 axb3 29. axb3 Nxb3 30. Rc2 Nd4 31. Rg2 Rg8 32. Nh3 b5 33. Kh2 b4 34. Rfg1 b3 35. Nhf4 Ra2 36. Rxa2 bxa2 37. Qf2 Ra8 38. Ra1 Qg7 39. Qe3 Nc2 0-1

[Event "Titled Tuesday intern op 28th Apr"]
[Site "Chess.com INT"]
[Date "2020.04.28"]
[Round "3"]
[White "Berger, Steve"]
[Black "Swapnil, S Dhopade"]
[Result "1-0"]
[WhiteElo "2408"]
[BlackElo "2495"]
[PlyCount "115"]
[EventDate "2020.04.28"]
[EventType "swiss (blitz)"]
[EventRounds "10"]
[EventCountry "USA"]
[SourceTitle "CBM 195 Extra"]
[Source "ChessBase"]
[SourceDate "2020.05.31"]
[SourceVersion "1"]
[SourceVersionDate "2020.05.31"]
[SourceQuality "1"]

1. e4 c6 2. Nc3 d5 3. Nf3 Nf6 4. e5 Ne4 5. Ne2 Qb6 6. d4 e6 7. Ng3 c5 8. c3 Nc6 9. Bd3 Nxg3 10. hxg3 cxd4 11. cxd4 Bd7 12. Kf1 Nb4 13. Rxh7 Rxh7 14. Bxh7 g6 15. a3 Bb5+ 16. Kg1 Nc6 17. Be3 0-0-0 18. Ng5 Rd7 19. Bg8 Nd8 20. Rc1+ Rc7 21. Nxf7 Be8 22. Nxd8 Rxc1 23. Qxc1+ Kxd8 24. Bg5+ Kd7 25. Qf4 Bg7 26. Bf6 Bf8 27. Bd8 Kxd8 28. Qxf8 Qxd4 29. Qd6+ Bd7 30. Bxe6 Qd1+ 31. Kh2 Qh5+ 32. Bh3 Qh7 33. e6 Qe7 34. Qxe7+ Kxe7 35. exd7 d4 36. Bg4 d3 37. f4 d2 38. Kg1 b5 39. Kf2 d1Q 40. Bxd1 b4 41. Ke3 bxa3 42. bxa3 Kxd7 43. Ke4 g5 44. fxg5 Ke7 45. Kf5 a5 46. Bb3 a4 47. Ba2 Kf8 48. g6 Ke7 49. g7 Kd6 50. g8Q Kc5 51. Qd5+ Kb6 52. g4 Ka7 53. g5 Kb6 54. g6 Kc7 55. g7 Kb6 56. g8Q Kc7 57. Qgf7+ Kb6 58. Qfb7# 1-0

[Event "Titled Tuesday intern op 28th Apr"]
[Site "Chess.com INT"]
[Date "2020.04.28"]
[Round "9"]
[White "Swapnil, S Dhopade"]
[Black "Baskin, Robert"]
[Result "1-0"]
[WhiteElo "2495"]
[BlackElo "2390"]
[PlyCount "113"]
[EventDate "2020.04.28"]
[EventType "swiss (blitz)"]
[EventRounds "10"]
[EventCountry "USA"]
[SourceTitle "CBM 195 Extra"]
[Source "ChessBase"]
[SourceDate "2020.05.31"]
[SourceVersion "1"]
[SourceVersionDate "2020.05.31"]
[SourceQuality "1"]

1. Nf3 Nf6 2. g3 b6 3. Bg2 Bb7 4. 0-0 c5 5. c4 e6 6. Nc3 Be7 7. d4 cxd4 8. Qxd4 0-0 9. Rd1 d6 10. b3 Nbd7 11. Bb2 a6 12. Qf4 Qb8 13. h4 Rc8 14. g4 Ne5 15. Nxe5 dxe5 16. Qg3 Bxg2 17. Qxg2 b5 18. g5 Nh5 19. cxb5 Nf4 20. Qf3 axb5 21. Rd7 Ra7 22. Rad1 Rcc7 23. Rxc7 Rxc7 24. e3 Ng6 25. h5 Nh4 26. Qg4 Bxg5 27. Ne4 f5 28. Qg3 fxe4 29. Bxe5 Nf3+ 30. Kg2 Nxe5 31. Qxe5 Bf6 32. Qxe6+ Kh8 33. h6 Qg8 34. Qxe4 gxh6+ 35. Kf3 Rf7 36. Ke2 h5 37. Rd5 Qg4+ 38. Qxg4 hxg4 39. Rxb5 Ra7 40. a4 Kg7 41. a5 Kg6 42. b4 h5 43. Rb6 h4 44. a6 h3 45. Kf1 Rc7 46. Kg1 Rc1+ 47. Kh2 Kf5 48. e4+ Kg5 49. Rb5+ Kh4 50. a7 Bg5 51. Rxg5 Ra1 52. Ra5 Rf1 53. Ra2 Rxf2+ 54. Rxf2 g3+ 55. Kg1 gxf2+ 56. Kxf2 h2 57. Kg2 1-0

[Event "Titled Tuesday intern op 28th Apr"]
[Site "Chess.com INT"]
[Date "2020.04.28"]
[Round "2"]
[White "Swapnil, S Dhopade"]
[Black "Quinonez Garcia, Santiago"]
[Result "1-0"]
[WhiteElo "2495"]
[BlackElo "2227"]
[PlyCount "73"]
[EventDate "2020.04.28"]
[EventType "swiss (blitz)"]
[EventRounds "10"]
[EventCountry "USA"]
[SourceTitle "EXT 2021"]
[Source "ChessBase"]
[SourceDate "2020.10.23"]
[SourceVersion "1"]
[SourceVersionDate "2020.10.23"]
[SourceQuality "1"]

1. d4 Nf6 2. c4 g6 3. Nc3 d5 4. Nf3 Bg7 5. cxd5 Nxd5 6. Na4 0-0 7. e4 Nf6 8. e5 Nd5 9. Be2 Nc6 10. 0-0 Bg4 11. Nc5 Rb8 12. h3 Bxf3 13. Bxf3 b6 14. Ne4 Qd7 15. Be3 Rfd8 16. Rc1 e6 17. Bg5 Nce7 18. Nf6+ Bxf6 19. exf6 Nf5 20. Qd2 Qd6 21. g4 h6 22. gxf5 hxg5 23. fxg6 fxg6 24. Qxg5 Kf7 25. Bxd5 exd5 26. Rfe1 Re8 27. Re5 Rbc8 28. Rce1 Rxe5 29. dxe5 Qe6 30. Qh6 Rg8 31. Qh7+ Ke8 32. Qxc7 g5 33. Rc1 g4 34. Qc8+ Qxc8 35. Rxc8+ Kf7 36. Rxg8 Kxg8 37. hxg4 1-0

[Event "IND-chT 40th"]
[Site "Ahmedabad"]
[Date "2020.02.13"]
[Round "9.4"]
[White "Rahul, Srivatshav P"]
[Black "Swapnil, S Dhopade"]
[Result "1/2-1/2"]
[WhiteElo "2474"]
[BlackElo "2495"]
[PlyCount "91"]
[EventDate "2020.02.07"]
[EventType "team-swiss"]
[EventRounds "9"]
[EventCountry "IND"]
[SourceTitle "CBM 194 Extra"]
[Source "ChessBase"]
[SourceDate "2020.03.31"]
[SourceVersion "1"]
[SourceVersionDate "2020.03.31"]
[SourceQuality "1"]
[WhiteTeam "Telangana"]
[BlackTeam "Railways SPB"]
[WhiteTeamCountry "IND"]
[BlackTeamCountry "IND"]

1. d4 d5 2. c4 dxc4 3. Nf3 Nf6 4. e3 e6 5. Bxc4 a6 6. 0-0 b5 7. Bd3 Bb7 8. Qe2 Nbd7 9. Rd1 c5 10. dxc5 Bxc5 11. a4 b4 12. Nbd2 0-0 13. Nb3 Bd5 14. Bc4 Qb6 15. Bxd5 exd5 16. a5 Qb7 17. Bd2 Rfc8 18. Rac1 Bf8 19. Be1 Rxc1 20. Rxc1 Rc8 21. Rc2 Ne4 22. Nbd4 g6 23. Rxc8 Qxc8 24. Qc2 Qxc2 25. Nxc2 b3 26. Na1 Ba3 27. Nxb3 Bxb2 28. Nfd4 f5 29. Nc6 Ba3 30. Kf1 Kf7 31. Ke2 Nec5 32. Nbd4 Ne6 33. Nc2 Bd6 34. N2b4 Nc7 35. Nd3 Ke6 36. Nd8+ Ke7 37. Nb7 Ba3 38. Kd1 Ne6 39. Nb4 Bxb4 40. Bxb4+ Kf6 41. Ke2 d4 42. f4 dxe3 43. Kxe3 Nb8 44. Bd6 Nc6 45. Kd3 Ned8 46. Nc5 1/2-1/2

[Event "IND-chT 40th"]
[Site "Ahmedabad"]
[Date "2020.02.10"]
[Round "5.2"]
[White "Swapnil, S Dhopade"]
[Black "Adarsh, Tripathi"]
[Result "1-0"]
[WhiteElo "2495"]
[BlackElo "2100"]
[PlyCount "81"]
[EventDate "2020.02.07"]
[EventType "team-swiss"]
[EventRounds "9"]
[EventCountry "IND"]
[SourceTitle "CBM 194 Extra"]
[Source "ChessBase"]
[SourceDate "2020.03.31"]
[SourceVersion "1"]
[SourceVersionDate "2020.03.31"]
[SourceQuality "1"]
[WhiteTeam "Railways SPB"]
[BlackTeam "Delhi II"]
[WhiteTeamCountry "IND"]
[BlackTeamCountry "IND"]

1. Nf3 Nf6 2. g3 g6 3. b3 Bg7 4. Bb2 b6 5. Bg2 Bb7 6. 0-0 0-0 7. c4 c5 8. d4 cxd4 9. Qxd4 Nc6 10. Qd2 d5 11. cxd5 Qxd5 12. Nc3 Qh5 13. Rfd1 Bh6 14. Qc2 Nb4 15. Qb1 Bg7 16. Rd4 Na6 17. Qd1 Ng4 18. Nd5 e6 19. h3 Nf6 20. g4 Qxd5 21. Rxd5 Bxd5 22. g5 Nh5 23. Bxg7 Nxg7 24. Qd4 Rfd8 25. Rd1 Nc5 26. Ne5 Nf5 27. Qb2 Bxg2 28. Rxd8+ Rxd8 29. Kxg2 Ne4 30. Nf3 h6 31. gxh6 Nxh6 32. Qe5 Nd2 33. Qg5 Rd5 34. Qxh6 Nxf3 35. Kxf3 b5 36. b4 Rh5 37. Qc1 Rxh3+ 38. Kg2 Rh4 39. Qc5 a6 40. a3 Rg4+ 41. Kf1 1-0